Statistiques concernant Culture Générale - Série 2418

Cliquez ici pour prendre le quiz!

Statistiques générales

  • Ce quiz a été pris 108 fois
  • Le résultat moyen est 7 sur 10

Statistiques - réponses

QuestionRéponse% Correct
Quelle est la capitale de la Biélorussie ?Minsk
89%
Au billard américain quelle est la couleur de la boule n°8 ?noire
89%
Dans quelle communauté autonome d’Espagne se trouve la ville de Barcelone ?Catalogne
83%
Quel pays a gagné la coupe du monde de rugby en 2007 ?Afrique du Sud
82%
Quelle conférence a unifié l’action des Alliés en février 1945 ?Yalta
82%
Contre quel pays le Royaume-Uni est-il entré en guerre en 1982 pour la souveraineté sur les îles Falkland?Argentine
73%
Quel est l'autre nom des îles Falkland ?Malouines
58%
Quel est le réalisateur du film "Mon oncle" en 1958 ? prénom et nomJacques Tati
49%
Complétez le titre de la pièce de théâtre d'Alfred de Musset : "Les caprices de ...Marianne
37%
Quel était le pseudonyme de Jean Moulin dans la résistance ? voir photoRex
15%

Distribution des résultats

Percentile par nombre de réponses

% des personnes avec chaque résultat

Votre développement - résultats

Vous n’avez pas pris ce quiz